Statistiken für Hauptstädte in der Nähe von Kuwait-Stadt

Klicken Sie hier um das Quiz zu spielen!

Allgemein

  • Dieses Quiz wurde 61 mal gespielt
  • Das Durchschnittsergebnis liegt bei 16 aus 20

Antwortstatistiken

kmHauptstadt% Korrekt
557Bagdad
98%
772Teheran
96%
1809Ankara
94%
1190Jerusalem
94%
534Riad
91%
1284Beirut
89%
1199Damaskus
89%
838Abu Dhabi
87%
1241Baku
85%
576Doha
85%
1244Jerewan
85%
1619Kairo
85%
1189Amman
83%
435Manama
83%
1402Tiflis
79%
1515Nikosia
77%
1607Sanaa
68%
2044Dschibuti
57%
1353Aşgabat
47%
1818Asmara
45%

Verteilung der Resultate

Perzentil nach korrekt beantworteten Fragen

Anzahl Personen mit jedem Resultat

Ihre Resultats-Entwicklung

Sie haben dieses Quiz noch nicht gespielt